Anthropology and photography 1860-1920

Αποθηκεύτηκε σε:
Λεπτομέρειες βιβλιογραφικής εγγραφής
Άλλοι συγγραφείς: Edwards, Elizabeth 1952- (Επιμελητής έκδοσης)
Μορφή: Βιβλίο
Γλώσσα:English
Δημοσίευση: New Haven : Yale University Press, 1994
Θέματα:
Ετικέτες: Προσθήκη ετικέτας
Δεν υπάρχουν, Καταχωρήστε ετικέτα πρώτοι!

MARC

LEADER 00000nam a2200000 i 4500
001 1/5127
008 960514s1994 eng d
020 |a 0-300-05944-2 
035 |l 10015896 
040 |a GR-MY-UA  |b gre  |e aacr 
041 0 |a eng 
082 0 |a 301.028 
245 1 0 |a Anthropology and photography 1860-1920 /  |c Edited by Elizabeth Edwards 
260 |a New Haven :   |b Yale University Press,   |c 1994 
300 |a 275 p.  |b ill. 
504 |a Includes index 
650 0 0 |a Photography in ethnology  |z Great Britain  |x History. 
650 0 0 |a Ethnology  |z Great Britain  |x History. 
700 1 |a Edwards, Elizabeth  |d 1952-  |4 edt 
852 |a INST  |b LESVOS  |e 19960514  |h 301.028 ANT  |p 005100010250  |q 005100010250  |t BK  |y 0 
909 |a Λ  |b 043926